| 000 | 00934cab a2200253 4500 | ||
|---|---|---|---|
| 001 | ABS58607 | ||
| 008 | 090401t1998 xxu||||| |||| 00| 0 eng d | ||
| 035 | _a(Sirsi) u85570 | ||
| 041 | _aeng | ||
| 100 | _aWhalan, M. | ||
| 245 | _aAssured tenancy: occupation as only or principal home | ||
| 260 | _c1998 | ||
| 350 | _a0 | ||
| 490 |
_aSolicitors` Journal _v142(13) 3 April 1998, 308(1) |
||
| 520 | _aReviews "Ujima Housing Association v Ansah" (1997). Where the landlord claimed possession on grounds that the premises were entirely sub-let by the tenant and so was not occupied by himself, therefore no longer could be considered an assured tenant. | ||
| 650 | _aASSURED TENANCIES | ||
| 650 | _aHOUSING ACT 1988 | ||
| 650 | _aPOSSESSION | ||
| 650 | _aRENT ACT 1977 | ||
| 650 | _aUJIMA HOUSING ASSOCIATION V ANSAH | ||
| 690 | _aLANDLORD AND TENANT-CASE LAW-RESIDENTIAL TENANCIES | ||
| 942 | _n0 | ||
| 948 | _c14/04/1998 | ||
| 999 |
_c53806 _d53806 |
||